| 000 | 00497nam a2200181Ia 4500 | ||
|---|---|---|---|
| 008 | 180921t2001 xxu||||| |||| 00| 0 sin d | ||
| 041 | _asin | ||
| 080 |
_a621 _bWIJ |
||
| 100 | _aWijayarathna, Don Samarasinghe | ||
| 245 | _aගෘහසථ විදුලිය රැහැන් ඇදිම | ||
| 246 | _aHouse wiring | ||
| 260 |
_bRathna _aColombo _c2001 |
||
| 300 | _a180p., 22 cm | ||
| 650 | _aElectricity | ||
| 942 | _cBK | ||
| 999 |
_c14426 _d14426 |
||
| 003 | LK-CoDNM | ||
| 040 |
_aLK-CoDNM _dLK-CoDNM _eLK-CoDNM |
||